Statistics for 20 Biggest Cities in Nigeria

Click here to take the quiz!

General Stats

  • This quiz has been taken 194 times
    (178 since last reset)
  • The average score is 9 of 20

Answer Stats

PopulationCity% Correct
9 000 000Lagos
98%
3 625 000Kano
93%
590 000Abuja
92%
3 565 000Ibadan
84%
1 150 000Port Harcourt
81%
1 125 000Benin City
68%
1 580 000Kaduna
52%
1 115 000Maiduguri
44%
560 000Onitsha
44%
900 000Aba
42%
815 000Jos
37%
690 000Enugu
34%
815 000Ilorin
29%
565 000Sokoto
27%
975 000Zaria
25%
535 000Warri
25%
735 000Oyo
23%
595 000Abeokuta
19%
480 000Okene
3%
535 000Ebute Ikorodu
0%

Score Distribution

Percentile by Number Answered

Percent of People with Each Score

Your Score History

You have not taken this quiz since the last reset